Normal view
MARC view
Entry Corporate Name
001 - CONTROL NUMBER
- control field: 1069695
003 - CONTROL NUMBER IDENTIFIER
- control field:
005 - DATE AND TIME OF LATEST TRANSACTION
- control field: 20210627164619.0
008 - FIXED-LENGTH DATA ELEMENTS
- fixed length control field: 210627|| aca||aabn | a|a d
040 ## - CATALOGING SOURCE
- Original cataloging agency:
- Transcribing agency:
110 ## - HEADING--CORPORATE NAME
- Corporate name or jurisdiction name as entry element: Mahratta Chamber of Commerce, Industriesand Agriculture
670 ## - SOURCE DATA FOUND
- Source citation: Work cat.: ()1046076: International Congress on Renewable Energy (2005 : Pune, India) 1069691, Ensuring energy security and sustainable rural development-- globally : conference proceedings, c2005
